Responses for Show #7847 - Tuesday, October 23, 2018

Contestants

[<< previous game]

Patrick Healy, a social studies teacher from Bronxville, New York

Traci Clark, a pharmacist from Pembroke Pines, Florida

Erik Agard, a puzzlemaker from Gaithersburg, Maryland (whose 2-day cash winnings total $40,001)

[next game >>]

Jeopardy! Round responses

LITERARY OPENINGS
I GO TO FAMOUS PERSON HIGH SCHOOL
EN FRANÇAIS
STUPID ANSWERS ACROSS AMERICA
(Alex: In which each clue will be delivered by some of the on-air personalities at our affiliates coast to coast.)
WEIGHTS & MEASURES
THE "HEART" OF COUNTRY
    $200 11
The Grapes of Wrath

Erik
    $200 2
a hat

Patrick
    $200 21
the Carolina Panthers

Patrick
    $200 16
(Patrick: What is a pint?)

a barrel

TraciPatrick
    $200 1
(Patrick: What is Texas?)

the heart of Texas

TraciPatrick
    $400 12
On the Road

Patrick
    $400 3
a house

Patrick
    $400 22
(Erik: What is Grant's Tomb?)

Who's buried in Grant's Tomb?

ErikPatrick
    $400 17
acres

Erik
    $400 7
an achy breaky heart

Erik
    $600 13
Pride and Prejudice

Patrick
    $600 26
Albert Einstein

Triple Stumper
    $600 4
eight

Erik
    $600 23
(Alex: Less than a minute.)

the Rose Bowl

Traci
    $600 18
wood

Erik
    $600 8
(Erik: What is a cheatin' heart?)
(Alex: Say it again.)
(Erik: What is a cheating heart?)

your cheating heart

ErikTraci
    $800 14
Great Expectations

Traci
    $800 27
[The end-of-round signal sounds.]

(Frida) Kahlo

Patrick
    $800 5
foot

Traci
    $800 24
a Pick Six

Erik
    $800 19
(Traci: What are alleles?)

genes

Traci
Triple Stumper
    $800 9
broken heart

Erik
    $3,000 15
(Traci: Oh...)
(Alex: Traci?)
(Traci: What is... oh. The Chronicles of Narnia?)

The Lion, the Witch, and the Wardrobe

Traci
    $1000 6
horse

Traci
    $1000 25
the Continental Army

Erik
    $1000 20
a bolt

Erik
    $1000 10
the Queen of Hearts

Traci

Scores at the first commercial break (after clue 15):

Erik Traci Patrick
$1,400 $1,400 $1,400

Scores at the end of the Jeopardy! Round:

Erik Traci Patrick
$4,800 $1,400 $2,600

Double Jeopardy! Round responses

ZEBULON PIKE'S PIQUES
I'M BESIDE MYSELF!
PRISON
MATH VOCAB
CONTRONYMS
THE HEART OF THE COUNTRY
    $400 24
Colorado

Patrick
    $400 1
Death Row

Erik
    $400 19
the hypotenuse

Traci
    $400 8
India

Traci
    $800 28
[The end-of-round signal sounds.]

Minnesota

Patrick
    $800 18
American Horror Story

Erik
    $800 6
Guantánamo

Traci
    $800 3
prime numbers

Patrick
    $800 14
seed

Erik
    $800 9
(Patrick: What is the United States?)

Mexico

TraciPatrick
    $1200 27
the Mississippi River

Traci
    $1200 15
Arnold Schwarzenegger

Triple Stumper
    $1200 7
the keys

Patrick
    $1200 2
(Erik: What is reflexive?)
(Traci: What is transitive?)
(Patrick: What is associative?)

commutative

ErikTraciPatrick
Triple Stumper
    $1200 11
a citation

Erik
    $1200 10
Poland

Erik
    $1600 26
Lake Ontario

Traci
    $1600 16
(Tom) Hardy

Erik
    $4,000 23
(Alex: Less than a minute now.)

the Bastille

Traci
    $1600 4
(Eric: What is a secant?)

an arc

ErikPatrick
    $1600 12
an overlook

Erik
    $1600 21
Australia

Patrick
    $2000 25
(Patrick: What is the British?)

Spain

Patrick
Triple Stumper
    $2000 17
Alien: Covenant

Erik
    $2000 22
cellie

Traci
    $2000 5
skew

Erik
    $6,000 13
sanguine

Erik
    $2000 20
Ireland

Traci

Scores at the end of the Double Jeopardy! Round:

Erik Traci Patrick
$19,600 $13,400 $5,000

[wagering suggestions for these scores]

Final Jeopardy! Round responses

OLD ENGLISH LITERATURE
(Alex: [To Patrick] Yes, slain by Beowulf.)
PatrickWho is Grendal?
$3,500
TraciWho is Grendel?
$13,400
ErikWho is B Grendel?
$7,201
Grendel

Final scores:

Erik Traci Patrick
$26,801 $26,800 $8,500
3-day champion: $66,802 2nd place: $2,000 3rd place: $1,000

Game dynamics:

Coryat scores:

Erik Traci Patrick
$15,600 $14,000 $5,000
19 R
(including 1 DD),
4 W
17 R
(including 1 DD),
3 W
(including 1 DD)
13 R,
5 W

Combined Coryat: $34,600

[game clues] [game scores] [suggest correction]

Game tape date: 2018-08-21
The J! Archive is created by fans, for fans. Scraping, republication, monetization, and malicious use prohibited; this site may use cookies and collect identifying information. See terms. The Jeopardy! game show and all elements thereof, including but not limited to copyright and trademark thereto, are the property of Jeopardy Productions, Inc. and are protected under law. This website is not affiliated with, sponsored by, or operated by Jeopardy Productions, Inc. Join the discussion at JBoard.tv.